Situación y perspectivas de la seguridad alimentaria en la Amazonía en un marco de producción agropecuaria y de cooperación intra-regional : (Registro nro. 1015)

Detalles MARC
000 -CABECERA
Campo de control 01083cam a2200229 a 4500
005 - FECHA Y HORA DE LA ULTIMA TRANSACCION
Campo de control 20170325020002.0
008 - ELEMENTOS DE LONGITUD FIJA—INFORMACION GENERAL
Campo de control 981201s1997 ve r 00010 spa d
040 ## - FUENTE DE CATALOGACIÓN
Agencia catalogadora original la
Agencia transcriptora la
Agencia Modificadora CO-BoIAVH
041 0# - IDIOMA
Código de idioma para texto/pista de sonido o título separado Español
044 ## - PAÍS DE PUBLICACIÓN
País de publicación Colombia
082 04 - NUMERO DE CLASIFICACION DECIMAL DEWEY
Número de clasificación 338.18
Número del ítem T77s
110 2# - ASIENTO PRINCIPAL--NOMBRE CORPORATIVO
Nombre corporativo o de jurisdicción como elemento de entrada Tratado de Cooperación Amazónica. Secretaría Pro Tempore.
9 (RLIN) 10321
245 00 - MENCION DE TITULO
Título Situación y perspectivas de la seguridad alimentaria en la Amazonía en un marco de producción agropecuaria y de cooperación intra-regional :
Parte restante del título informe regional /
Mención de responsabilidad Tratado de Cooperación Amazónica ; coordinador del estudio regional Henri Borit Petitjean.
260 ## - PUBLICACION, DISTRIBUCION, ETC. (PIE DE IMPRENTA)
Lugar de publicación, distribución, etc. Caracas, Venezuela :
Nombre del editor, distribuidor, etc. Tratado de Cooperación Amazónica,
Fecha de publicación, distribución, etc. 1997.
300 ## - DESCRIPCION FISICA
Extensión vii, 572 páginas ;
Dimensiones 30 x 21 cm.
504 ## - NOTA DE BIBLIOGRAFIA, ETC.
Nota de bibliografía Incluye referencias bibliográficas.
650 24 - ASIENTO SECUNDARIO DE MATERIA - TERMINO TEMATICO
Término temático o nombre geográfico como elemento de entrada Productividad agrícola
Subdivisión geográfica Amazonas (Región)
9 (RLIN) 73571
650 26 - ASIENTO SECUNDARIO DE MATERIA - TERMINO TEMATICO
Término temático o nombre geográfico como elemento de entrada Suministro de alimentos
Subdivisión de forma Programas
-- Informes
9 (RLIN) 73572
650 26 - ASIENTO SECUNDARIO DE MATERIA - TERMINO TEMATICO
Término temático o nombre geográfico como elemento de entrada Seguridad alimentaria
Subdivisión geográfica Amazonas (Región)
9 (RLIN) 73573
650 26 - ASIENTO SECUNDARIO DE MATERIA - TERMINO TEMATICO
Término temático o nombre geográfico como elemento de entrada Cooperación
Subdivisión geográfica Amazonas (Región)
9 (RLIN) 73574
942 ## - ELEMENTOS ADICIONALES (KOHA)
Sistema de clasificación Dewey Decimal Classification
Tipo de ítem Libro
Koha issues (borrowed), all copies 1
Existencias
Withdrawn status Lost status Sistema de Clasificación Damaged status No para préstamo Colección Inventariado Ubicación Permanente Ubicación actual Fecha de adquisición Fuente de Valor Valor Total Checkouts Número topográfico Inventario / Código de Barras Date last seen Ejemplar Price effective from Forma de adquisición Tipo de material Date checked out
    Dewey Decimal Classification     General Inventariado 2017 Bogotá Bogotá 20/01/1999 Instituto 39000.00 1 LB-338.18 T77s 004261 24/03/2017 Ej. 1 04/12/2012 Donación Libro 24/03/2017
    Dewey Decimal Classification     General Inventariado 2017 Sala Fabio Quevedo Sala Fabio Quevedo 20/01/1999 Instituto 39000.00   LB-338.18 T77s 004260 04/12/2012 Ej. 1 04/12/2012 Donación Libro